000 00509nam a2200181 a 4500
001 1756367624906
003 YourLibrary
005 20250830105809.0
008 250828s2003##################000#0#eng##
020 _a9781580420976
082 0 4 _a070.50973
_bCAR
100 1 _aCardoza, Avery,
_eauthor.
245 1 0 _aComplete Guide To Successful Publishing, 3rd Edition :
260 _bCardoza,
_c2003.
650 0 _aLanguage Arts & Disciplines.
942 _cENGLISH
040 _aYourLibrary
_beng
_cYourLibrary
999 _c584461
_d584461